THE WASHINGTON MANUAL OF CRITICAL CARE (Record no. 14345)

MARC details
000 -LEADER
fixed length control field 00296nam a22001337a 4500
003 - CONTROL NUMBER IDENTIFIER
control field SGT
082 ## - DEWEY DECIMAL CLASSIFICATION NUMBER
Classification number 616.024
Item number W17K
100 ## - MAIN ENTRY--PERSONAL NAME
Personal name KOLLEF,MARIN
245 ## - TITLE STATEMENT
Title THE WASHINGTON MANUAL OF CRITICAL CARE
250 ## - EDITION STATEMENT
Edition statement 2ND
260 ## - PUBLICATION, DISTRIBUTION, ETC. (IMPRINT)
Place of publication, distribution, etc INDIA
Name of publisher, distributor, etc WOLTER KLUWER
Year of Publication 2017
300 ## - PAGE DESCRIPTION
No. of Pages 703
942 ## - ADDED ENTRY ELEMENTS (KOHA)
Source of classification or shelving scheme Dewey Decimal Classification
Koha item type Books
942 ## - ADDED ENTRY ELEMENTS (KOHA)
-- 1
Holdings
Withdrawn status Lost status Source of classification or shelving scheme Damaged status Not for loan Collection code Home library Current library Shelving location Date acquired Vendor Name Cost, normal purchase price SGTU Bill Number Total Checkouts Full call number Accession No. (Barcode) Date last seen Bill Date Koha item type Date last borrowed
    Dewey Decimal Classification     MEDICAL SGT Medical Library SGT Medical Library Text Book 29/12/2017 ABC DELHI 925.00 SGTU 8707   616.024 W17K FM9277 29/12/2017 08/08/2017 Books  
    Dewey Decimal Classification     MEDICAL SGT Medical Library SGT Medical Library Text Book 29/12/2017 ABC DELHI 925.00 SGTU 8707 1 616.024 W17K FM9278 03/04/2023 08/08/2017 Books 09/03/2023